000 01296na a2200361 4500
999 _c5460
_d5460
001 21065
003 MIRAKIL
005 20200227115327.0
008 170131b tu 000 0
035 _a21065
040 _aTR-AnCHP
_btur
_cTR-AnCHP
041 _atur
082 _aCHP 361.23
_bC36 [2014]
090 _aBROŞÜR 264
245 _aThe CHP's view on Taksim Gezi Park process/
_c[hazırlayan] CHP.
246 _aCHP'nin Taksim Gezi Park süreci ile ilgili görüşleri
260 _aAnkara:
_bCHP,
_c2014.
300 _a69 s.:
_brnkl. fotg.,
_c20 sm.
440 _aCHP Bilim, Yönetim ve Kültür Platformu yayınları
_pRaporlar
610 _aCumhuriyet Halk Partisi (CHP)
_xSiyasal ve sosyal görüşler
_yGezi
650 _aGezi Parkı olayları
650 _aToplumsal hareketler
_zTaksim, İstanbul
650 _aGençlik hareketi
_zTaksim, İstanbul
650 _aToplumsal direniş
_zTaksim, İstanbul
651 _aTürkiye
_xSiyaset ve yönetim
_y2002-
710 _aCumhuriyet Halk Partisi (CHP)
740 _aCHP'nin Taksim Gezi Parkı süreci ile ilgili görüşleri
830 _aCHP raporları
856 _zDijital Nüshası için Partimizin Kütüphane Sorumlusu ile iletişime geçiniz.
942 _cVIS
999 _d5460